Chemistry of food additives and preservatives / (Record no. 13976)
[ view plain ]
| 000 -LEADER | |
|---|---|
| fixed length control field | 00460cam a22001698a 4500 |
| 020 ## - INTERNATIONAL STANDARD BOOK NUMBER | |
| ISBN | 9781118274149 (hardcover : alk. paper) |
| 082 00 - DEWEY DECIMAL CLASSIFICATION NUMBER | |
| Classification number | 641.308 |
| Item number | MSA/CH |
| 245 04 - TITLE STATEMENT | |
| Title | Chemistry of food additives and preservatives / |
| 260 ## - PUBLICATION, DISTRIBUTION, ETC. (IMPRINT) | |
| Place of publication | Oxford ; |
| -- | Ames, Iowa : |
| Name of publisher | Wiley-Blackwell, |
| Year of publication | 2012. |
| 300 ## - PHYSICAL DESCRIPTION | |
| Number of Pages | p. cm. |
| 650 #0 - SUBJECT ADDED ENTRY--TOPICAL TERM | |
| Topical Term | Food additives. |
| 650 #0 - SUBJECT ADDED ENTRY--TOPICAL TERM | |
| Topical Term | Food preservatives. |
| 650 #0 - SUBJECT ADDED ENTRY--TOPICAL TERM | |
| Topical Term | Food |
| 650 #0 - SUBJECT ADDED ENTRY--TOPICAL TERM | |
| Topical Term | Food |
| 700 1# - ADDED ENTRY--PERSONAL NAME | |
| Personal name | Msagati, Titus A. M. |
| 942 ## - ADDED ENTRY ELEMENTS (KOHA) | |
| Koha item type | Reference |
| Withdrawn status | Lost status | Damaged status | Collection code | Home library | Current library | Shelving location | Date acquired | Source of acquisition | Full call number | Accession Number | Koha item type |
|---|---|---|---|---|---|---|---|---|---|---|---|
| Non-fiction | KAUAET | KAUAET | General Stacks | 30/03/2013 | Neoti Book Agency | 641.308 MSA/CH | 23906 | Books |
